000 00503nam a2200157Ia 4500
003 GCL
008 140319s9999 xx 000 0 ara d
040 _aGCL /
_cGCL
082 0 4 _aد
_b050
_bم ع
245 1 0 _aالفكاهة والضحك ( عالم المعرفة 289 )
260 _aالكويت :
_bالمجلس الوطنى للثقافة والفنون والاداب ،
_c2003
650 0 4 _aالسخرية
650 0 4 _aالاهاجى والفكاهات
650 0 4 _aالضحك
942 _2ddc
_cCR
999 _c6654
_d6654